000
00305nam a2200097Ia 4500
082
_a
658.323|LEE
245
0
_a
HR metrics : practical measurement tools for people management
100
_a
Lee, Gregory John Randburg, South Africa, 2011
942
_c
BK
008
210817s9999 xx 000 0 und d
999
_c
188797
_d
188796